000 00270nam a2200121Ia 4500
008 220120s9999||||xx |||||||||||||| ||und||
082 _a425 PYE
100 _aPyle, Michae, A
_910796
245 0 _aTOEFL CBT 2005
260 _c2006
300 _b0
650 _aMANAGEMENT
999 _c136893
_d136893